00339pab a2200133 454500008004000000100001900040245004400059260000900103300001200112362000800124650003300132650002200165773001800187180718b2007 xxu||||| |||| 00| 0 eng d aSoo, Kwok Tong aZipf's law and urban growth in Malaysia c2007 ap.1-14. aJan aUrban development - Malaysia aUrban development aUrban Studies